Urban and Regional Technology Planning (Record no. 67330)

MARC details
000 -LEADER
fixed length control field 01814nam a2200253Ii 4500
008 - FIXED-LENGTH DATA ELEMENTS--GENERAL INFORMATION
fixed length control field 221202s xx 000 0 und d
100 1# - MAIN ENTRY--PERSONAL NAME
Personal name Corey, Kenneth E,
Relator term author
245 #0 - TITLE STATEMENT
Title Urban and Regional Technology Planning
264 ## - PRODUCTION, PUBLICATION, DISTRIBUTION, MANUFACTURE, AND COPYRIGHT NOTICE
Name of producer, publisher, distributor, manufacturer Taylor & Francis
Date of production, publication, distribution, manufacture, or copyright notice 2006
300 ## - PHYSICAL DESCRIPTION
Extent 1 online resource
336 ## - CONTENT TYPE
Content type term text
Content type code txt
Source rdacontent
337 ## - MEDIA TYPE
Media type term computer
Media type code c
Source rdamedia
338 ## - CARRIER TYPE
Carrier type term online resource
Carrier type code cr
Source rdacarrier
490 ## - SERIES STATEMENT
Series statement Networked Cities Series
520 ## - SUMMARY, ETC.
Summary, etc. Part of the popular Networked Cities series, Urban and Regional Technology Planning focuses on the practice of relational planning and the stimulation of local city-regional scale development planning in the context of the global knowledge economy and network society. Designed to offer scholars, practitioners, and decision makers studies on the ways of cities, technologies, and multiple forms of urban movement intersect and create the contemporary urban environment, Kenneth Corey and Mark Wilson explore the dynamics of technology-induced change that is taking place within the context of the global knowledge economy and network society. Examining first the knowledge economy itself, Wilson and Corey go on to discuss its implications before proposing ways to strategize for future intelligent development, with particular emphasis on the ALERT model for regional and local planning. An important read for those practicing or studying planning in this network society.
653 ## - INDEX TERM--UNCONTROLLED
Uncontrolled term Concepts
653 ## - INDEX TERM--UNCONTROLLED
Uncontrolled term Economy
653 ## - INDEX TERM--UNCONTROLLED
Uncontrolled term Global
653 ## - INDEX TERM--UNCONTROLLED
Uncontrolled term Knowledge
653 ## - INDEX TERM--UNCONTROLLED
Uncontrolled term Relational
700 1# - ADDED ENTRY--PERSONAL NAME
Personal name Wilson, Mark
856 ## - ELECTRONIC LOCATION AND ACCESS
Uniform Resource Identifier <a href="https://library.oapen.org/bitstream/20.500.12657/24061/1/1006071.pdfhttps://www.taylorfrancis.com/books/e/9781134366569http://library.oapen.org/handle/20.500.12657/24061">https://library.oapen.org/bitstream/20.500.12657/24061/1/1006071.pdfhttps://www.taylorfrancis.com/books/e/9781134366569http://library.oapen.org/handle/20.500.12657/24061</a>
942 ## - ADDED ENTRY ELEMENTS (KOHA)
Koha item type E-Book
Holdings
Withdrawn status Damaged status Not for loan Home library Current library Date acquired Total Checkouts Date last seen Price effective from Koha item type
      Directory of Open Access Books Directory of Open Access Books 11/28/2022   11/28/2022 11/28/2022 E-Book

University of Rizal System
Email us at univlibservices@urs.edu.ph

Visit our Website www.urs.edu.ph/library